[Event "AUTO-OPEN-283"]
[Site "http://www.queenalice.com/game.php?id=73414"]
[Date "2006.6.1"]
[Round "1"]
[White "Queenjl"]
[Black "aarongale"]
[Result "0-1"]
[WhiteElo "1068"]
[BlackElo "1685"]

1. e4 g6 2. d4 Bg7 3. c3 d6 4. Nf3 Bg4 5. h3 Bxf3 6. gxf3 f5 7. exf5 gxf5 8. Bc4
d5 9. Bb5+ c6 10. Ba4 e6 11. O-O Bh6 12. f4 Qh4 13. Qf3 Nf6 14. b3 Rg8+ 15. Kh1
Nbd7 16. Re1 Ng4 17. Rxe6+ Kf7 18. Rd6 Nxf2+ 19. Kh2 Nf6 20. c4 N6g4+ 21. Kg2
Ne5+ 22. Qg4 fxg4 23. fxe5 gxh3+ 24. Kf3 Qe4+ 25. Kxf2 Rg2+ 26. Kf1 Qe2# 0-1

[Event "AUTO-OPEN-283"]
[Site "http://www.queenalice.com/game.php?id=73415"]
[Date "2006.6.1"]
[Round "1"]
[White "aarongale"]
[Black "Queenjl"]
[Result "1-0"]
[WhiteElo "1707"]
[BlackElo "1161"]

1. e4 e5 2. Nf3 d6 3. d4 Nc6 4. dxe5 dxe5 5. Bb5 Nf6 6. Bxc6+ bxc6 7. Ng5 Nxe4
8. Qxd8+ Kxd8 9. Nxf7+ Ke7 10. Nxh8 g6 11. O-O Bf5 12. Re1 Rd8 13. f3 Bg7 14.
fxe4 Bg4 15. Bg5+ Bf6 16. Bxf6+ Kxf6 17. Rf1+ Kg7 18. Nf7 Rd4 19. Nxe5 Bd1 20.
Rf7+ Kh6 21. Rxc7 Rxe4 22. Re7 Bxc2 23. Nd2 Kh5 24. Rxh7+ Kg5 25. Nef3+ Kf5 26.
Rf7+ Ke6 27. Ng5+ Kd5 28. Ndxe4 1-0

[Event "AUTO-OPEN-283"]
[Site "http://www.queenalice.com/game.php?id=73418"]
[Date "2006.6.1"]
[Round "1"]
[White "Queenjl"]
[Black "davividal"]
[Result "0-1"]
[WhiteElo "1144"]
[BlackElo "1128"]

1. e4 c5 2. Nf3 Nc6 3. Bc4 e6 4. b3 d6 5. O-O d5 6. exd5 exd5 7. Bb5 Bd7 8. Re1+
Be7 9. d4 Nf6 10. Nc3 Be6 11. Ne5 Rc8 12. b4 cxb4 13. Na4 O-O 14. Be3 Nxe5 15.
dxe5 Ng4 16. Bxa7 Nxe5 17. Bb6 Qd6 18. a3 bxa3 19. Bc5 Rxc5 20. Nxc5 Qxc5 21.
Rb1 Bf6 0-1

[Event "AUTO-OPEN-283"]
[Site "http://www.queenalice.com/game.php?id=73419"]
[Date "2006.6.1"]
[Round "1"]
[White "davividal"]
[Black "Queenjl"]
[Result "1-0"]
[WhiteElo "1507"]
[BlackElo "1068"]

1. e4 e5 2. Nf3 Nc6 3. Bb5 Nd4 4. Nxd4 exd4 5. c3 c6 6. Ba4 b5 7. Bb3 b4 8. Qf3
d5 9. exd5 cxd5 10. Bxd5 Rb8 11. Qxf7# 1-0

[Event "AUTO-ADV-181"]
[Site "http://www.queenalice.com/game.php?id=73568"]
[Date "2006.6.1"]
[Round "1"]
[White "peace"]
[Black "Queenjl"]
[Result "1-0"]
[WhiteElo "1444"]
[BlackElo "1164"]

1. d4 d5 2. e3 Nc6 3. Nf3 e6 4. g3 Nf6 5. Bb5 a6 6. Bxc6+ bxc6 7. O-O Bd6 8. Nc3
Ne4 9. Nxe4 dxe4 10. Nd2 e5 11. Nxe4 1-0

[Event "AUTO-ADV-181"]
[Site "http://www.queenalice.com/game.php?id=73569"]
[Date "2006.6.1"]
[Round "1"]
[White "Queenjl"]
[Black "peace"]
[Result "0-1"]
[WhiteElo "1159"]
[BlackElo "1449"]

1. e4 d5 2. exd5 Qxd5 3. Nc3 Qd8 4. Nf3 Nf6 5. d4 Bg4 6. Bc4 e6 7. h3 Bxf3 8.
gxf3 g6 9. f4 Bb4 10. a3 Bxc3+ 11. bxc3 O-O 0-1

[Event "AUTO-ADV-183"]
[Site "http://www.queenalice.com/game.php?id=74528"]
[Date "2006.6.5"]
[Round "1"]
[White "Queenjl"]
[Black "claudiocaire"]
[Result "0-1"]
[WhiteElo "1182"]
[BlackElo "1371"]

1. e4 c6 2. d4 e6 3. Nf3 Nf6 4. Nc3 g6 5. e5 Nd5 6. Bg5 Qb6 7. Bc4 Nxc3 8. bxc3
Bg7 9. Rb1 Qa5 10. O-O Qxc3 11. Nd2 Qxd4 12. c3 Qxe5 13. Be3 Qxc3 14. Rb3 Qe5
15. f4 Qc7 16. Ne4 O-O 17. Nd6 b5 18. Be2 Ba6 19. Bc5 h6 20. f5 exf5 21. Nxf5
gxf5 22. Bxf8 Kxf8 23. Rxf5 d5 0-1

[Event "AUTO-ADV-183"]
[Site "http://www.queenalice.com/game.php?id=74529"]
[Date "2006.6.5"]
[Round "1"]
[White "claudiocaire"]
[Black "Queenjl"]
[Result "1-0"]
[WhiteElo "1362"]
[BlackElo "1193"]

1. c3 e5 2. Qb3 d5 3. d4 exd4 4. cxd4 Nc6 5. g3 Nf6 6. Nf3 Qe7 7. Bg2 Bf5 8. Nc3
Na5 9. Qb5+ Nc6 10. Qxb7 Qd8 11. Qxc6+ Bd7 12. Qa6 Qb8 13. O-O Bd6 14. Ng5 Ne4
15. Bxe4 dxe4 16. Ncxe4 O-O 17. Qd3 Bb5 18. Qc2 Re8 19. Nxd6 cxd6 20. b3 Bxe2
21. Re1 f6 22. Nh3 Bg4 23. Rxe8+ Qxe8 24. Nf4 1-0